banner-ar

تلخيص كتاب العبارة (Record no. 28761)

MARC details
000 -الفاتح
حقل البيانات ثابتة الطول 00547nam a2200181Ia 4500
005 - وقت وتاريخ اخر تعامل مع التسجيلة
رقم الضبط 20240530101926.0
008 - عناصر البيانات ثابتة الطول - معلومات عامة
حقل البيانات ثابتة الطول 140319s9999 xx 000 0 ara d
040 ## - مصدر الفهرسة
وكالة الفهرسة الأصلية GCL /
وكالة النسخ GCL
082 04 - رقم تصنيف ديوى العشرى
رقم التصنيف 185
رقم المادة ا ت
100 ## - المدخل الرئيسى - إسم شخصى
الإسم الشخصى محمود قاسم
245 10 - بيان العنوان
العنوان تلخيص كتاب العبارة
بيان المسئوليه,etc محمود قاسم
260 ## - PUBLICATION, DISTRIBUTION, ETC. (IMPRINT)
تاريخ النشر أو التوزيع 1981
300 ## - الوصف المادى
التعداد 125
700 1# - المدخل الاضافى - اسم شخصى
الإسم الشخصى تشارلس بترورث
700 1# - المدخل الاضافى - اسم شخصى
الإسم الشخصى احمد عبدالمجيد هريدى
942 ## - عناصر المدخل الإضافي( كوها)
مصدر التصنيف او مخطط الترفيف Dewey Decimal Classification
Koha [default] item type كتاب
260 ## - PUBLICATION, DISTRIBUTION, ETC. (IMPRINT)
-- [S.N] :
-- الهيئة المصرية العامة للكتاب ،
Holdings
حالة التراجع حالة الفقد حالة تلف ليس للاعارة المكان المؤقت الموقع الحالى تاريخ الاكتساب اجمالي اﻻعارات رقم الطلب الباركود تاريخ اخر مشاهدة تاريخ تفعيل السعر نوع وعاء كوها
        مكتبة القاهرة الكبرى مكتبة القاهرة الكبرى 03/26/2014   185\ا ت 65607 03/26/2014 03/26/2014 كتاب

Powered By

EGPV